000 00811cam a22002771 4500
001 4455
003 BD-RjUL
005 20211208233909.0
008 131222r19671964maua b 000 0 eng
035 _a(BD-RjUL)4490
040 _aDLC
_cDLC
_dDLC
_dBD-RjUL
_beng
041 _aeng
082 0 0 _a332.645
_bCOR 1967
100 1 _aCootner, Paul H.
_914090
245 1 4 _aThe random character of stock market prices /
_cPaul H. Cootner, editor.
250 _arev. ed.
260 _aCambridge, Mass. :
_bM.I.T. Press,
_cc1964 [Paperback ed.1967].
300 _aix, 510 p. :
_billus. ;
_c25 cm.
504 _aIncludes bibliographies.
650 0 _aSpeculation.
_912671
650 0 _aStock exchanges.
_914091
650 0 _aProbabilities.
_9243
942 _2ddc
_cBK
999 _c4455
_d4455